000 00293nmm a2200097Ia 4500
008 220120s9999||||xx |||||||||||||||||und||
020 _a81-7808-235-7
100 _aDigit
245 0 _aApril 2011: Crusis 2, GDC game trailers, sort films, linux d
260 _aNine dot nine interactive ltd.
_bDelhi
999 _c139682
_d139682